000 00397nam a2200157Ia 4500
008 230917s9999||||xx |||||||||||||| ||und||
040 _e112746
_aMAIN
041 _aEnglish
082 _a005.1 J29I
100 _aJalote,Pankaj
245 0 _aIntegrated approach to software engineering
250 _a3rd ed.
260 _aNew Delhi
_bNarosa Publishing
_c2005
300 _a495 p.
942 _cBK
999 _c130250
_d130250